[Event "Ostravský koník 2014 - FIDE Open B"]
[Site "Ostrava, CZE"]
[Date "2014.04.26"]
[Round "1"]
[White "Melecký, Jaroslav"]
[Black "Marková, Kristýna"]
[Result "1-0"]
[WhiteElo "1973"]
[BlackElo "1474"]
[PlyCount "55"]

1. e4 e5 2. Nf3 Nf6 3. Nxe5 d6 4. Nf3 Nxe4 5. d4 d5 6. Bd3 Nc6 7. O-O Be7 8.
Re1 Bg4 9. Bxe4 dxe4 10. Rxe4 Bxf3 11. Qxf3 Nxd4 12. Qd3 Nb3 13. axb3 Qxd3 14.
cxd3 Rd8 15. Nc3 a6 16. Bf4 Rd7 17. Rae1 Kd8 18. h3 Bb4 19. Rxb4 c5 20. Rbe4 f6
21. Be3 b6 22. Re6 Kc7 23. Bf4+ Kb7 24. Na4 g5 25. Rxb6+ Ka8 26. Rxa6+ Ra7 27.
Rxa7+ Kxa7 28. Be3 1-0

[Event "Ostravský koník 2014 - FIDE Open B"]
[Site "Ostrava, CZE"]
[Date "2014.04.26"]
[Round "1"]
[White "Štefaník, Petr"]
[Black "Malinovský, Petr"]
[Result "0-1"]
[WhiteElo "1456"]
[BlackElo "1969"]
[PlyCount "58"]

1. e4 c5 2. c3 Nf6 3. e5 Nd5 4. d4 cxd4 5. cxd4 e6 6. Bc4 Nb6 7. Bb3 d6 8. Nf3
Nc6 9. O-O Be7 10. Nc3 O-O 11. Bf4 Kh8 12. Nb5 d5 13. a3 Bd7 14. Bc2 f5 15. Nc3
g5 16. Be3 g4 17. Ne1 Qe8 18. f4 Rc8 19. g3 Nc4 20. Bc1 Nxd4 21. Bb3 Nxb3 22.
Qxb3 d4 23. Ne2 Ba4 24. Qd3 Bb5 25. Qd1 d3 26. Nc3 Bc5+ 27. Kh1 Bc6+ 28. Ng2
Bxg2+ 29. Kxg2 Qc6+ 0-1

[Event "Ostravský koník 2014 - FIDE Open B"]
[Site "Ostrava, CZE"]
[Date "2014.04.26"]
[Round "1"]
[White "Kula, Dominik"]
[Black "Nytra, Ondøej"]
[Result "1-0"]
[WhiteElo "1968"]
[BlackElo "1452"]
[PlyCount "151"]

1. e4 e5 2. Nf3 Nc6 3. Bb5 a6 4. Ba4 Nf6 5. O-O d6 6. Re1 Be7 7. c3 O-O 8. h3
b5 9. Bb3 Be6 10. Bxe6 fxe6 11. Qb3 Qd7 12. d3 Rab8 13. Nbd2 a5 14. Nf1 a4 15.
Qc2 b4 16. Qxa4 b3 17. axb3 Ra8 18. Qxa8 Rxa8 19. Rxa8+ Bd8 20. Bg5 d5 21. Ne3
h6 22. Bh4 Kh7 23. Bg3 dxe4 24. dxe4 Nxe4 25. Rd1 Nd6 26. Bxe5 Nxe5 27. Nxe5
Qb5 28. Nf3 Bf6 29. b4 Ne4 30. Ng4 Be7 31. Nd4 Qd5 32. Ra5 c5 33. Ne3 Qe5 34.
bxc5 Bh4 35. Ng4 Qf4 36. Nf3 h5 37. Nge5 Bxf2+ 38. Kf1 Bxc5 39. Rxc5 Qe3 40.
Ng5+ Nxg5 41. Nd3 Ne4 42. Rxh5+ Kg6 43. g4 Ng3+ 44. Kg2 Nxh5 45. gxh5+ Kxh5 46.
Nf2 Qe2 47. b4 Qc4 48. Rd3 Qc6+ 49. Kf1 Qc4 50. Ke1 e5 51. Re3 Kg6 52. Ng4 Qb3
53. Nxe5+ Kf5 54. Kd2 Qb2+ 55. Kd3 Qb1+ 56. Kd4 Qd1+ 57. Nd3 Qg1 58. b5 g5 59.
Nb4 Qd1+ 60. Rd3 Qg1+ 61. Kc4 g4 62. hxg4+ Qxg4+ 63. Rd4 Qe2+ 64. Kc5 Qe7+ 65.
Kb6 Qe3 66. Nd5 Qe6+ 67. Ka5 Qe5 68. b6 Ke6 69. Ka6 Qe2+ 70. Ka7 Qa2+ 71. Kb8
Qh2+ 72. Nc7+ Ke7 73. b7 Qg3 74. Ka8 Qxc7 75. b8=Q Qc5 76. Qb4 1-0

[Event "Ostravský koník 2014 - FIDE Open B"]
[Site "Ostrava, CZE"]
[Date "2014.04.26"]
[Round "1"]
[White "Nguyen, Thai Dai Vinh"]
[Black "Kopta, Jiøí"]
[Result "0-1"]
[WhiteElo "1451"]
[BlackElo "1960"]
[PlyCount "68"]

1. e4 c5 2. Nf3 g6 3. d4 cxd4 4. Nxd4 Nc6 5. Nc3 Bg7 6. Be3 Nf6 7. Be2 O-O 8.
O-O d6 9. f4 e5 10. Nxc6 bxc6 11. fxe5 dxe5 12. Bg5 Qb6+ 13. Kh1 Nd7 14. Rb1 f6
15. Bc4+ Kh8 16. Bc1 Qb4 17. Be6 Qe7 18. Qg4 Re8 19. Bb3 Nc5 20. Qf3 Ba6 21.
Rd1 Red8 22. Be3 Ne6 23. Qg4 Nd4 24. Bxd4 exd4 25. Ne2 f5 26. Qf3 fxe4 27. Qg4
Bc8 28. Qg3 Bf5 29. Qf2 e3 30. Qf4 Be5 31. Qf3 Qh4 32. h3 Be4 33. Qf1 Qxh3+ 34.
Kg1 Qh2# 0-1

[Event "Ostravský koník 2014 - FIDE Open B"]
[Site "Ostrava, CZE"]
[Date "2014.04.26"]
[Round "1"]
[White "Petrov, Bogoljub"]
[Black "Haška, Filip"]
[Result "1-0"]
[WhiteElo "1953"]
[BlackElo "1380"]
[PlyCount "39"]

1. e4 c5 2. Nf3 e6 3. d4 cxd4 4. Nxd4 Nf6 5. Bd3 Nc6 6. c3 Bc5 7. Nf3 O-O 8. h3
d5 9. e5 Nd7 10. Bxh7+ Kh8 11. Bc2 Ncxe5 12. Nxe5 Nf6 13. O-O b6 14. Be3 Bd6
15. Ng4 Ba6 16. Nxf6 g6 17. Bg5 Bxf1 18. Qd4 Kg7 19. Nh5+ Kh7 20. Qg7# 1-0

[Event "Ostravský koník 2014 - FIDE Open B"]
[Site "Ostrava, CZE"]
[Date "2014.04.26"]
[Round "1"]
[White "Neumann, Filip"]
[Black "Hájek, Oskar"]
[Result "0-1"]
[WhiteElo "1370"]
[BlackElo "1947"]
[PlyCount "43"]

1. e4 d6 2. d4 Nf6 3. Nc3 e5 4. dxe5 dxe5 5. Qxd8+ Kxd8 6. Bd2 Bd6 7. Bc4 Be6
8. Bxe6 fxe6 9. Nge2 Ke7 10. Be3 Nc6 11. f3 h6 12. O-O-O a6 13. Na4 Nd7 14. f4
b5 15. fxe5 Ncxe5 16. Nac3 Ng4 17. Bd4 Be5 18. Bxe5 Ndxe5 19. Rd2 Nc4 20. Nf4
Nxd2 21. Ng6+ Kd7 22. Nxh8 0-1

[Event "Ostravský koník 2014 - FIDE Open B"]
[Site "Ostrava, CZE"]
[Date "2014.04.26"]
[Round "1"]
[White "Sobek, Martin"]
[Black "Opìla, Radek"]
[Result "1-0"]
[WhiteElo "1946"]
[BlackElo "1329"]
[PlyCount "75"]

1. e4 c5 2. Nf3 d6 3. d4 cxd4 4. Nxd4 Nf6 5. Nc3 g6 6. Bc4 Bg7 7. Bb3 Nc6 8.
Be3 Ng4 9. O-O O-O 10. h3 Nxe3 11. fxe3 Ne5 12. Qe2 Bd7 13. Rf2 a5 14. a3 a4
15. Ba2 Rc8 16. Raf1 Qa5 17. Nd5 Rce8 18. c3 e6 19. Nf6+ Bxf6 20. Rxf6 Nc6 21.
Nb5 d5 22. exd5 exd5 23. Bxd5 Ne5 24. c4 Bf5 25. e4 Nd7 26. Rd6 Nc5 27. Rf4
Bxe4 28. Bxe4 f5 29. Bd5+ Kg7 30. Qf2 Nd3 31. Qd4+ Ne5 32. Rf1 Rf6 33. Rxf6
Kxf6 34. Bxb7 Rd8 35. Qh4+ g5 36. Qxh7 Qb6+ 37. Kh1 Rd7 38. Qxf5+ 1-0

[Event "Ostravský koník 2014 - FIDE Open B"]
[Site "Ostrava, CZE"]
[Date "2014.04.26"]
[Round "1"]
[White "Szotkowski, David"]
[Black "Tyleèek, Drahomír"]
[Result "0-1"]
[WhiteElo "1300"]
[BlackElo "1942"]
[PlyCount "52"]

1. e4 e5 2. Nf3 Nc6 3. Bc4 Nf6 4. d3 Bc5 5. c3 d6 6. Nbd2 h6 7. O-O O-O 8. Re1
a6 9. Nf1 b5 10. Bb3 Bb7 11. Ng3 Ne7 12. d4 exd4 13. cxd4 Bb6 14. Bf4 Ng6 15.
Bd2 c5 16. Be3 b4 17. dxc5 Bxc5 18. Bd4 Qb6 19. Bxc5 dxc5 20. e5 Ng4 21. e6 c4
22. Bxc4 Qxf2+ 23. Kh1 Nf4 24. exf7+ Kh8 25. Rg1 Bxf3 26. gxf3 Qxh2# 0-1

[Event "Ostravský koník 2014 - FIDE Open B"]
[Site "Ostrava, CZE"]
[Date "2014.04.26"]
[Round "1"]
[White "Lamser, Tomáš"]
[Black "Mikesch, Dalibor"]
[Result "1-0"]
[WhiteElo "1941"]
[BlackElo "1293"]
[PlyCount "59"]

1. e4 c5 2. Nf3 d6 3. d3 Nc6 4. g3 Nf6 5. Bg2 e6 6. O-O Be7 7. Re1 O-O 8. e5
dxe5 9. Nxe5 Nxe5 10. Rxe5 Qc7 11. Re1 Rd8 12. b3 Rb8 13. Nc3 b5 14. Ne4 Nxe4
15. Rxe4 c4 16. bxc4 bxc4 17. Bf4 Bd6 18. Rxc4 Qb6 19. Qh5 Bb7 20. Be3 Qb2 21.
Bd4 Qa3 22. Qg5 Bf8 23. Be5 Qa5 24. Qf4 Ba6 25. Ra4 Qb6 26. Bxb8 Rxb8 27. Rxa6
Qxa6 28. Qxb8 Qa4 29. Qb3 Qa6 30. c4 1-0

[Event "Ostravský koník 2014 - FIDE Open B"]
[Site "Ostrava, CZE"]
[Date "2014.04.26"]
[Round "1"]
[White "Kozelský, Marek"]
[Black "Románek, Zdenìk"]
[Result "1-0"]
[WhiteElo "1933"]
[BlackElo "1671"]
[PlyCount "53"]

1. e4 e6 2. d4 d5 3. Nc3 Nf6 4. Bg5 Be7 5. e5 Nfd7 6. Bxe7 Qxe7 7. f4 b6 8. Nf3
Ba6 9. Bxa6 Nxa6 10. Qe2 Nab8 11. O-O O-O 12. Ng5 h6 13. Nf3 c5 14. Nb5 Nc6 15.
c3 a6 16. Nd6 Rfb8 17. Qd2 b5 18. Qe3 c4 19. a3 Nf8 20. g4 Nh7 21. h4 Kh8 22.
f5 f6 23. fxe6 Qxe6 24. Qf4 Rf8 25. Nf5 fxe5 26. Nxe5 Ne7 27. Nxe7 1-0

[Event "Ostravský koník 2014 - FIDE Open B"]
[Site "Ostrava, CZE"]
[Date "2014.04.27"]
[Round "2"]
[White "Gil, Karel"]
[Black "Šnyta, Zdenek"]
[Result "0-1"]
[WhiteElo "1873"]
[BlackElo "2091"]
[PlyCount "134"]

1. Nf3 f5 2. d4 e6 3. g3 Nf6 4. Bg2 Be7 5. c4 d6 6. Nc3 c6 7. O-O O-O 8. Qc2
Na6 9. a3 Nc7 10. b4 Bd7 11. a4 Rc8 12. Qb3 h6 13. b5 Rb8 14. Rb1 a6 15. Ba3
axb5 16. axb5 cxb5 17. cxb5 Ncd5 18. Nxd5 Nxd5 19. Nd2 Nb6 20. e4 Kh8 21. Rfe1
f4 22. e5 d5 23. Bc5 Nc8 24. Qb4 fxg3 25. hxg3 b6 26. Bxe7 Nxe7 27. Ra1 Nf5 28.
Ra7 Qe8 29. Bh3 Bxb5 30. Bxf5 Rxf5 31. Qd6 Qf8 32. f4 Qxd6 33. exd6 Kg8 34.
Rxe6 Rf7 35. Rc7 Bd7 36. Re5 b5 37. Nb3 b4 38. Kf2 Bb5 39. Rxd5 Bd7 40. Re5 Rb6
41. Ra5 Rxd6 42. Ra8+ Rf8 43. Raa7 Rf7 44. Nc5 Be8 45. Ke3 Rxc7 46. Rxc7 Rb6
47. Rb7 Rxb7 48. Nxb7 Bc6 49. Nc5 Bd5 50. Kd3 Kf7 51. Na6 b3 52. Kc3 Kf6 53.
Nc7 Bf3 54. Kxb3 Kf5 55. d5 Kg4 56. d6 Bc6 57. Kc4 Kxg3 58. Ne6 Bd7 59. Kd5 h5
60. Nxg7 h4 61. Nh5+ Kf2 62. f5 h3 63. f6 h2 64. Nf4 h1=Q+ 65. Kd4 Qa1+ 66. Ke4
Qxf6 67. Nd3+ Kf1 0-1

[Event "Ostravský koník 2014 - FIDE Open B"]
[Site "Ostrava, CZE"]
[Date "2014.04.27"]
[Round "2"]
[White "Reznícek, Marcel"]
[Black "Müller, Leo"]
[Result "1/2-1/2"]
[WhiteElo "2074"]
[BlackElo "1873"]
[PlyCount "101"]

1. e4 c5 2. Nc3 Nc6 3. g3 e6 4. Bg2 g6 5. f4 d6 6. d3 Bg7 7. Nce2 Nge7 8. Nf3
Qb6 9. c3 O-O 10. g4 f5 11. gxf5 exf5 12. Ng3 Bd7 13. O-O Rae8 14. Kh1 Kh8 15.
Ng5 h6 16. Nf3 Kh7 17. Re1 Qc7 18. Qc2 b5 19. Be3 b4 20. a3 bxc3 21. bxc3 Qa5
22. Bd2 Qa6 23. Bf1 Qc8 24. Rad1 Be6 25. Rb1 Qd7 26. Be3 Rc8 27. Bg2 Rc7 28.
Rec1 Rfc8 29. c4 fxe4 30. dxe4 Na5 31. Qd3 Rd8 32. Nd2 Qc8 33. Nb3 Nac6 34. Ne2
Qa6 35. Nd2 Rb7 36. Rxb7 Qxb7 37. Nc3 Qb2 38. Ne2 Bg4 39. Bf3 Bxf3+ 40. Nxf3
Qf6 41. Nc3 Qe6 42. Rg1 Bxc3 43. f5 Qf6 44. Ng5+ hxg5 45. Bxg5 Qg7 46. fxg6+
Nxg6 47. Qh3+ Kg8 48. Bxd8 Nxd8 49. Qf5 Kh7 50. Qh5+ Kg8 51. Qf5 1/2-1/2

[Event "Ostravský koník 2014 - FIDE Open B"]
[Site "Ostrava, CZE"]
[Date "2014.04.27"]
[Round "2"]
[White "Bergloviec, Jan"]
[Black "Kubeczka, Ales"]
[Result "1/2-1/2"]
[WhiteElo "1869"]
[BlackElo "2069"]
[PlyCount "134"]

1. d4 d5 2. Nf3 Nf6 3. c4 c6 4. Nc3 e6 5. Bg5 h6 6. Bxf6 Qxf6 7. e3 g6 8. Ne5
Nd7 9. f4 Nxe5 10. fxe5 Qg5 11. Qf3 Bg7 12. Bd3 Bd7 13. h4 Qe7 14. O-O O-O 15.
Qg3 h5 16. Qg5 Qxg5 17. hxg5 dxc4 18. Bxc4 c5 19. Ne4 cxd4 20. exd4 Rfd8 21.
Nd6 Be8 22. Rad1 Rab8 23. a3 b5 24. Bb3 Rb6 25. Rf2 a5 26. Rc2 a4 27. Ba2 b4
28. axb4 Rxb4 29. Rdd2 Bf8 30. d5 Bxd6 31. exd6 e5 32. Re2 e4 33. Rc4 Rxc4 34.
Bxc4 Rxd6 35. Rxe4 Kf8 36. Kf2 Rb6 37. Re2 Bb5 38. Bxb5 Rxb5 39. Rd2 Ke7 40.
Ke3 Kd6 41. Ke4 Rb4+ 42. Rd4 Rxb2 43. Rxa4 Re2+ 44. Kf3 Re1 45. Ra7 Kxd5 46.
Kf2 Re5 47. Rxf7 Rxg5 48. Ra7 Rf5+ 49. Kg3 Ke5 50. Ra6 Rf6 51. Ra5+ Ke6 52. Kh4
Rf4+ 53. Kg3 Rg4+ 54. Kf3 Kf6 55. g3 Rg5 56. Ra6+ Kg7 57. Ra7+ Kh6 58. Ra8 Rf5+
59. Kg2 Kg5 60. Kh3 Rb5 61. Ra4 Kf5 62. Rf4+ Ke5 63. Rf8 g5 64. Rh8 Ke4 65.
Rxh5 Kf3 66. Rh8 Rf5 67. Ra8 Rb5 1/2-1/2

[Event "Ostravský koník 2014 - FIDE Open B"]
[Site "Ostrava, CZE"]
[Date "2014.04.27"]
[Round "2"]
[White "Dvorák, Vladimír"]
[Black "Mikulencák, Jan"]
[Result "1-0"]
[WhiteElo "2046"]
[BlackElo "1834"]
[PlyCount "71"]

1. e4 e5 2. Nf3 Nf6 3. d4 Nxe4 4. dxe5 Be7 5. Bc4 O-O 6. O-O c6 7. Qe2 Nc5 8.
a4 d5 9. exd6 Qxd6 10. Rd1 Qc7 11. Nc3 Be6 12. b4 Bxc4 13. Qxc4 Ne6 14. Be3 Nd7
15. Rd3 Ne5 16. Nxe5 Qxe5 17. Rad1 Rfd8 18. f4 Qf5 19. b5 Rxd3 20. Rxd3 c5 21.
Qe4 Qxe4 22. Nxe4 Rd8 23. Rxd8+ Bxd8 24. f5 Nd4 25. Bxd4 cxd4 26. Nd6 Bb6 27.
Kf1 Bc7 28. Nxb7 Bxh2 29. Ke2 Kf8 30. Kd3 Be5 31. Nd8 Bc7 32. Nc6 Bb6 33. a5
Bc5 34. Kc4 d3 35. cxd3 Be3 36. d4 1-0

[Event "Ostravský koník 2014 - FIDE Open B"]
[Site "Ostrava, CZE"]
[Date "2014.04.27"]
[Round "2"]
[White "Mrázek, Roman"]
[Black "Omamik, Pavel"]
[Result "0-1"]
[WhiteElo "1842"]
[BlackElo "2044"]
[PlyCount "72"]

1. d4 d6 2. g3 Nf6 3. Bg2 c6 4. e4 Bg4 5. f3 Bh5 6. Ne2 e6 7. h4 Be7 8. Bg5 h6
9. Bxf6 gxf6 10. Nf4 Rg8 11. Nxh5 Qa5+ 12. Qd2 Qxh5 13. g4 Qg6 14. h5 Qg7 15.
Nc3 Nd7 16. O-O-O a6 17. Kb1 Rc8 18. Rhe1 b5 19. Bh3 Nb6 20. b3 d5 21. Ne2 Qf8
22. Qa5 Bd8 23. Qxa6 Qe7 24. exd5 Ra8 25. Qxa8 Nxa8 26. dxe6 Ba5 27. c3 Qd6 28.
d5 c5 29. f4 Nc7 30. Ng3 Qxf4 31. Nf5 Bxc3 32. exf7+ Kxf7 33. Re7+ Kf8 34. Re2
Qf3 35. Bf1 Rxg4 36. d6 Qxf5+ 0-1

[Event "Ostravský koník 2014 - FIDE Open B"]
[Site "Ostrava, CZE"]
[Date "2014.04.27"]
[Round "2"]
[White "Hastík, Svatopluk"]
[Black "Cubok, Milan"]
[Result "1-0"]
[WhiteElo "2037"]
[BlackElo "1824"]
[PlyCount "63"]

1. d4 Nf6 2. Nf3 e6 3. c4 d5 4. Nc3 Nbd7 5. Bg5 c6 6. cxd5 cxd5 7. e3 Qa5 8.
Nd2 a6 9. Bd3 b5 10. O-O Bd6 11. e4 dxe4 12. Ncxe4 Be7 13. Nxf6+ gxf6 14. Be4
Rb8 15. Bf4 e5 16. Bg3 Bb7 17. Bf5 Rd8 18. Nb3 Qb6 19. Qg4 Bd6 20. Bxd7+ Rxd7
21. Qg7 Rf8 22. Qxf6 Re7 23. dxe5 Qc6 24. f3 Bc5+ 25. Nxc5 Qxc5+ 26. Kh1 Re6
27. Qf5 h6 28. Rfd1 Rg8 29. Bh4 Bd5 30. Rac1 Qe3 31. Rc8+ Kd7 32. Rxg8 1-0

[Event "Ostravský koník 2014 - FIDE Open B"]
[Site "Ostrava, CZE"]
[Date "2014.04.27"]
[Round "2"]
[White "Mejzr, Jan"]
[Black "Benes, Miroslav"]
[Result "1-0"]
[WhiteElo "1798"]
[BlackElo "2020"]
[PlyCount "89"]

1. d4 Nf6 2. c4 g6 3. Nc3 Bg7 4. e4 d6 5. Nf3 O-O 6. Be2 Na6 7. O-O c5 8. d5
Nc7 9. Qc2 a6 10. a4 Rb8 11. Bf4 Nh5 12. Bd2 e6 13. g4 Nf6 14. g5 Nfe8 15. Kh1
exd5 16. exd5 f6 17. Rg1 Qe7 18. Rae1 Qf7 19. gxf6 Nxf6 20. Ng5 Qd7 21. Rg2 b5
22. axb5 axb5 23. b3 b4 24. Nd1 Re8 25. Be3 Qe7 26. Reg1 Bf5 27. Bd3 Bxd3 28.
Qxd3 Nd7 29. f4 Nf8 30. f5 Kh8 31. fxg6 hxg6 32. Rf1 Bf6 33. Bd2 Kg7 34. Qh3
Qd7 35. Ne6+ Ncxe6 36. Qh6+ Kf7 37. dxe6+ Rxe6 38. Rgf2 Qc6+ 39. Kg1 Ke7 40.
Bg5 d5 41. cxd5 Qxd5 42. Bxf6+ Rxf6 43. Qg7+ Ke8 44. Qxf6 Kd7 45. Qf7+ 1-0

[Event "Ostravský koník 2014 - FIDE Open B"]
[Site "Ostrava, CZE"]
[Date "2014.04.27"]
[Round "2"]
[White "Stehlík, Jirí"]
[Black "Cyron, Karel"]
[Result "1/2-1/2"]
[WhiteElo "2017"]
[BlackElo "1792"]
[PlyCount "28"]

1. Nf3 Nf6 2. c4 c5 3. g3 d6 4. Bg2 g6 5. b3 Bg7 6. Bb2 Nc6 7. O-O O-O 8. Nc3
a6 9. d4 cxd4 10. Nxd4 Nxd4 11. Qxd4 Rb8 12. Nd5 Ne8 13. Qd2 Bxb2 14. Qxb2 e6
1/2-1/2

[Event "Ostravský koník 2014 - FIDE Open B"]
[Site "Ostrava, CZE"]
[Date "2014.04.27"]
[Round "2"]
[White "Berka, Lubos"]
[Black "Trombík, Karel"]
[Result "0-1"]
[WhiteElo "1793"]
[BlackElo "2016"]
[PlyCount "96"]

1. e4 c6 2. d4 d5 3. Nc3 dxe4 4. Nxe4 Nd7 5. Nf3 Ngf6 6. Nxf6+ Nxf6 7. Bf4 Bg4
8. Be2 e6 9. c3 Be7 10. O-O O-O 11. h3 Bh5 12. Ne5 Bxe2 13. Qxe2 Rc8 14. Rfd1
Qb6 15. Bg5 Qc7 16. Ng4 Nd5 17. Bxe7 Qxe7 18. Ne3 Nf4 19. Qf3 Ng6 20. g3 Rfd8
21. Rd2 b5 22. b4 a5 23. a3 Qa7 24. Nc2 a4 25. Ne3 Rd7 26. Rad1 Qb6 27. Ng4
Rcd8 28. Qe2 Qc7 29. f4 Rd6 30. Ne5 Ne7 31. g4 Nd5 32. Qf3 f6 33. Nd3 Nxc3 34.
Re1 Rxd4 35. Rxe6 Nd5 36. Rde2 Rf8 37. f5 Rxd3 38. Qxd3 Nf4 39. Qf3 Nxe2+ 40.
Rxe2 Rd8 41. Qe3 h6 42. h4 Qd6 43. Kg2 Qd5+ 44. Kg1 Qd4 45. g5 Qg4+ 46. Rg2
Rd1+ 47. Kf2 Qxf5+ 48. Ke2 Qf1# 0-1

[Event "Ostravský koník 2014 - FIDE Open B"]
[Site "Ostrava, CZE"]
[Date "2014.04.27"]
[Round "2"]
[White "Pesl, Jan"]
[Black "Lipovský, Tomás"]
[Result "1-0"]
[WhiteElo "1780"]
[BlackElo "2011"]
[PlyCount "85"]

1. e4 e5 2. Nf3 Nc6 3. Bb5 a6 4. Ba4 Nf6 5. d3 b5 6. Bb3 Be7 7. O-O d6 8. c3
Bg4 9. h3 Bh5 10. Nbd2 Na5 11. Bc2 c5 12. Re1 Nc6 13. Nf1 h6 14. Ng3 Bg6 15.
Nh4 O-O 16. Nhf5 Nh7 17. Qg4 Bg5 18. h4 Bxc1 19. Raxc1 Nf6 20. Qf3 Bxf5 21.
Nxf5 Kh7 22. Rcd1 g6 23. Ne3 Nh5 24. g3 Ng7 25. Bb3 f5 26. exf5 Ne7 27. f6 Qc8
28. Nd5 Nxd5 29. Bxd5 Ra7 30. d4 cxd4 31. cxd4 exd4 32. Qd3 Nh5 33. Qxd4 Rc7
34. Be6 Qd8 35. f7 Ng7 36. Bb3 Rd7 37. Qg4 Re7 38. Bc2 Rxe1+ 39. Rxe1 Qf6 40.
h5 Nxh5 41. Qxh5 Rxf7 42. Qe2 Kg7 43. Bb3 1-0

[Event "Ostravský koník 2014 - FIDE Open B"]
[Site "Ostrava, CZE"]
[Date "2014.04.27"]
[Round "2"]
[White "Milat, Patrik"]
[Black "Petrov, Nikolaj"]
[Result "1-0"]
[WhiteElo "2006"]
[BlackElo "1777"]
[PlyCount "55"]

1. d4 Nf6 2. c4 d6 3. Nc3 g6 4. e4 Bg7 5. f4 c6 6. Nf3 Bg4 7. Be2 Nbd7 8. e5
Bxf3 9. exf6 Bxf6 10. Bxf3 O-O 11. O-O Rc8 12. Kh1 Qb6 13. Ne2 Rfd8 14. Bg4 c5
15. d5 Rb8 16. Bxd7 Rxd7 17. f5 Kg7 18. Nf4 Rdd8 19. Qg4 Kh8 20. Nh5 Kg8 21.
Nxf6+ exf6 22. fxg6 fxg6 23. Bh6 Re8 24. Rae1 Re5 25. Rxe5 dxe5 26. d6 Qd8 27.
d7 b6 28. Qf3 1-0

[Event "Ostravský koník 2014 - FIDE Open B"]
[Site "Ostrava, CZE"]
[Date "2014.04.27"]
[Round "2"]
[White "Chrostek, Lukás"]
[Black "Borovicka, Bohumil"]
[Result "1-0"]
[WhiteElo "1769"]
[BlackElo "2000"]
[PlyCount "97"]

1. e4 e6 2. d4 d5 3. exd5 exd5 4. Nf3 Nc6 5. Bd3 Bd6 6. c3 Nge7 7. Qc2 Bg4 8.
Nbd2 Qd7 9. O-O O-O-O 10. b4 Bf5 11. a4 Bxd3 12. Qxd3 Qf5 13. Qxf5+ Nxf5 14.
Nb3 Rde8 15. b5 Nd8 16. a5 f6 17. Nc5 h5 18. h4 Re2 19. Ba3 Rhe8 20. Nd3 Ne6
21. Bxd6 Nxd6 22. Rfe1 Rxe1+ 23. Rxe1 Kd7 24. Rb1 Nc4 25. Kf1 Nxa5 26. Ra1 b6
27. Nb4 Kd6 28. g3 Re7 29. Ne1 c6 30. bxc6 Nxc6 31. Ned3 Na5 32. f4 g6 33. Kf2
Nc4 34. Re1 a5 35. Nc2 Nd2 36. Ne3 Nc4 37. Nxc4+ dxc4 38. Nb2 b5 39. Rb1 Nc7
40. Nd1 f5 41. Ne3 Re8 42. Kf3 Kc6 43. Kf2 a4 44. Kf3 Ra8 45. Ke2 a3 46. Kd2
Nd5 47. Nxd5 Kxd5 48. Rxb5+ Ke4 49. Ke2 1-0

[Event "Ostravský koník 2014 - FIDE Open B"]
[Site "Ostrava, CZE"]
[Date "2014.04.27"]
[Round "2"]
[White "Kondula, Lukás"]
[Black "Klimes, Jan"]
[Result "1-0"]
[WhiteElo "1997"]
[BlackElo "1763"]
[PlyCount "53"]

1. e4 c5 2. Nf3 Nc6 3. d4 cxd4 4. Nxd4 Nf6 5. Nc3 d6 6. Bb5 Bd7 7. Bxc6 bxc6 8.
O-O g6 9. h3 Bg7 10. Be3 O-O 11. Qd2 Qa5 12. f4 c5 13. Nb3 Qc7 14. e5 Ne8 15.
Nd5 Qd8 16. Rad1 Bb5 17. Rfe1 c4 18. Nd4 a6 19. Nxb5 axb5 20. Bb6 Qd7 21. exd6
e6 22. Ne7+ Kh8 23. Bd4 f6 24. Bc5 e5 25. a3 Rf7 26. Qd5 Rf8 27. Qxa8 1-0

[Event "Ostravský koník 2014 - FIDE Open B"]
[Site "Ostrava, CZE"]
[Date "2014.04.27"]
[Round "2"]
[White "Nisztuk, Michal"]
[Black "Zeman, Arnost"]
[Result "0-1"]
[WhiteElo "1762"]
[BlackElo "1993"]
[PlyCount "106"]

1. e4 c5 2. Nf3 g6 3. c3 Bg7 4. Bc4 Nc6 5. d4 cxd4 6. Nxd4 Nxd4 7. cxd4 d6 8.
O-O Nf6 9. e5 dxe5 10. dxe5 Qxd1 11. Rxd1 Nd7 12. e6 fxe6 13. Bxe6 Nb6 14. Bb3
Bd7 15. Nc3 Rc8 16. a4 Nc4 17. Rd3 Bf5 18. Rf3 Ne5 19. Re3 Nc4 20. Re1 Na5 21.
Ba2 Rxc3 22. bxc3 Bxc3 23. Bh6 Bxa1 24. Rxa1 e6 25. h3 Kf7 26. Rd1 Re8 27. Bg5
Bc2 28. Rd7+ Kg8 29. Be7 Bxa4 30. Bxe6+ Kg7 31. Rc7 Rxe7 32. Rxe7+ Kf6 33. Rxh7
Kxe6 34. g4 Bc6 35. f4 Nc4 36. Kf2 a5 37. h4 a4 38. h5 gxh5 39. gxh5 a3 40. Rg7
Be4 41. Rg1 Kf6 42. h6 a2 43. Rc1 b5 44. Ra1 Bb1 45. f5 Nd6 46. Ke2 Nxf5 47.
Kd2 Kg6 48. Kc3 Kxh6 49. Kb4 Nd6 50. Kc5 Kg5 51. Kd4 Kf4 52. Kc3 Ke3 53. Kb4
Kd3 0-1

[Event "Ostravský koník 2014 - FIDE Open B"]
[Site "Ostrava, CZE"]
[Date "2014.04.27"]
[Round "2"]
[White "Sládek, Vladislav"]
[Black "Hanák, Tomás"]
[Result "1-0"]
[WhiteElo "1987"]
[BlackElo "1757"]
[PlyCount "53"]

1. e4 c5 2. Nf3 Nc6 3. d4 cxd4 4. Nxd4 g6 5. Nc3 Bg7 6. Be3 Nf6 7. Nxc6 bxc6 8.
e5 Ng8 9. Bd4 Nh6 10. e6 O-O 11. Bxg7 Kxg7 12. Qd4+ Kg8 13. exd7 Qxd7 14. Qxd7
Bxd7 15. O-O-O Be6 16. Be2 Rad8 17. Bf3 Ng4 18. Bxg4 Bxg4 19. f3 Bc8 20. Rhe1
e6 21. Ne4 Kg7 22. c4 h6 23. Kc2 f5 24. Nd6 Kf6 25. c5 Ba6 26. Re3 Bb5 27. Rde1
1-0

[Event "Ostravský koník 2014 - FIDE Open B"]
[Site "Ostrava, CZE"]
[Date "2014.04.27"]
[Round "2"]
[White "Vinklárek, Robert"]
[Black "Písa, Vladimír"]
[Result "1/2-1/2"]
[WhiteElo "1752"]
[BlackElo "1981"]
[PlyCount "103"]

1. d4 d5 2. c4 c6 3. e3 Bf5 4. cxd5 cxd5 5. Nc3 e6 6. Bd3 Bxd3 7. Qxd3 Nc6 8.
a3 Nf6 9. Nf3 Rc8 10. Bd2 Bd6 11. Nb5 Bb8 12. O-O a6 13. Nc3 Qd6 14. e4 dxe4
15. Nxe4 Nxe4 16. Qxe4 O-O 17. Bc3 Qd5 18. Qxd5 exd5 19. Rfe1 Rfe8 20. Kf1 b5
21. Rxe8+ Rxe8 22. Re1 Rxe1+ 23. Kxe1 f6 24. Kd2 Kf7 25. h3 Ke6 26. g4 Ne7 27.
Ne1 Ng6 28. Nd3 Bd6 29. Ke3 Ne7 30. Bb4 Nc6 31. Bxd6 Kxd6 32. f4 g6 33. Nc5 a5
34. b3 h5 35. gxh5 gxh5 36. f5 Ne7 37. Kf4 Nc6 38. Ne6 Kd7 39. h4 Kd6 40. a4 b4
41. Ke3 Ne7 42. Ng7 Kd7 43. Kf4 Nc6 44. Nxh5 Ke7 45. Ke3 Kf7 46. Nf4 Ne7 47.
Kd3 Nxf5 48. Nxd5 Nxh4 49. Nf4 Nf3 50. d5 Ke7 51. Ke3 Ne1 52. Kd2 1/2-1/2

[Event "Ostravský koník 2014 - FIDE Open B"]
[Site "Ostrava, CZE"]
[Date "2014.04.27"]
[Round "2"]
[White "Holecek, Vladimír"]
[Black "Semancík, David"]
[Result "0-1"]
[WhiteElo "1981"]
[BlackElo "1721"]
[PlyCount "90"]

1. e4 e5 2. Nc3 Nc6 3. Bc4 Nf6 4. d3 Bc5 5. Bg5 h6 6. Bh4 g5 7. Bg3 d6 8. Nd5
Nxd5 9. Bxd5 Bd7 10. c3 Qf6 11. h4 O-O-O 12. Qd2 Ne7 13. Bb3 Ng6 14. h5 Nf4 15.
Kf1 Bg4 16. Bxf4 gxf4 17. Bd1 Rdg8 18. Bf3 Qg5 19. Qe2 f5 20. exf5 Qxf5 21. Qe4
Qxe4 22. Bxg4+ Rxg4 23. dxe4 Rhg8 24. Rh2 f3 25. Nxf3 Rxe4 26. Re1 Rf4 27. Re2
Rgf8 28. Rh4 R4f5 29. Rd2 Rf4 30. Re2 R8f5 31. Rxf4 Rxf4 32. Nd2 Rh4 33. g3
Rxh5 34. Ne4 Bb6 35. c4 Bd4 36. Kg2 Rf5 37. g4 Rf4 38. f3 Kd7 39. b3 c6 40. Kg3
d5 41. Nd2 Kd6 42. Rh2 Rf6 43. Re2 Re6 44. f4 exf4+ 45. Kf3 Re3+ 0-1